Normal view
MARC view
Entry Topical Term
001 - CONTROL NUMBER
- control field: 725311
003 - CONTROL NUMBER IDENTIFIER
- control field:
005 - DATE AND TIME OF LATEST TRANSACTION
- control field: 20210627043900.0
008 - FIXED-LENGTH DATA ELEMENTS
- fixed length control field: 210627|| aca||aabn | a|a d
040 ## - CATALOGING SOURCE
- Original cataloging agency:
- Transcribing agency:
150 ## - HEADING--TOPICAL TERM
- Topical term or geographic name entry element: Bitumenous coal
670 ## - SOURCE DATA FOUND
- Source citation: Work cat.: ()596105: Bianca, J. D. 725310, Dynamic flow model for low gasification of coal for electric power generation /, 1977
